Normal view
MARC view
Entry Personal Name
001 - CONTROL NUMBER
- control field: 83706
003 - CONTROL NUMBER IDENTIFIER
- control field: OSt
005 - DATE AND TIME OF LATEST TRANSACTION
- control field: 20260222155421.0
008 - FIXED-LENGTH DATA ELEMENTS
- fixed length control field: 260222|| aca||aabn | a|a d
040 ## - CATALOGING SOURCE
- Original cataloging agency: OSt
- Transcribing agency: OSt
100 ## - HEADING--PERSONAL NAME
- Personal name: दिव्य प्रकाश दुबे
670 ## - SOURCE DATA FOUND
- Source citation: Work cat.: (OSt)68660: दिव्य प्रकाश दुबे, टेंशन मत ले यार, 2026









